MARC

LEADER 00000nam0a2200000 4500
001 194312
005 20231031182318.0
020 |a RU  |b 82-68112 
035 |a (RuTPU)RU\TPU\book\211932 
090 |a 194312 
100 |a 20110412d1982 kmuy0rusy5003 ca 
101 0 |a rus 
102 |a RU 
105 |a a z 001zy 
200 1 |a Цифровое управление механизмами реверсивных станов горячей прокатки  |f Ю. А. Бычков, М. Я. Вульфов 
210 |a Москва  |c Металлургия  |d 1982 
215 |a 168 с.  |c ил. 
320 |a Библиогр.: с. 166-167. 
610 1 |a обжимные станы 
610 1 |a автоматизация 
610 1 |a автоматическое управление 
610 1 |a реверсные станы 
610 1 |a горячая прокатка 
610 1 |a цифровое управление 
610 1 |a самонастройка 
610 1 |a моделирование 
610 1 |a программное обеспечение 
675 |a 621.771.22  |z rus 
700 1 |a Бычков  |b Ю. А.  |g Юрий Александрович  |4 070 
701 1 |a Вульфов  |b М. Я.  |g Моисей Яковлевич  |4 070 
801 0 |a RU  |b RuMRKP  |c 19950704  |g psbo 
801 1 |a RU  |b 63413507  |c 20110412 
801 2 |a RU  |b 63413507  |c 20110507  |g RCR 
942 |c BK